Statistics for Maroon 5 Songs Quiz

Click here to take the quiz!

General Stats

  • This quiz has been taken 208 times
    (184 since last reset)
  • The average score is 28 of 89

Answer Stats

Answers% Correct
Payphone
85%
Sugar
82%
Animals
72%
Moves Like Jagger
72%
She Will Be Loved
72%
This Love
71%
Maps
69%
Girls Like You
68%
One More Night
61%
Misery
59%
Sunday Morning
59%
Harder to Breathe
55%
Don't Wanna Know
48%
Makes Me Wonder
48%
What Lovers Do
47%
Cold
46%
Daylight
46%
Wake Up Call
46%
Love Somebody
42%
Won't Go Home Without You
42%
If I Never See Your Face Again
39%
Never Gonna Leave This Bed
37%
Lucky Strike
35%
The Sun
35%
Wait
35%
Hands All Over
34%
Must Get Out
32%
Sweetest Goodbye
31%
Tangled
31%
This Summer's Gonna Hurt
31%
Goodnight Goodnight
30%
Kiwi
30%
Beautiful Goodbye
29%
Secret
29%
Shiver
29%
Tickets
29%
Feelings
28%
It Was Always You
28%
Leaving California
28%
Sad
28%
Not Coming Home
27%
The Man Who Never Lied
27%
Unkiss Me
27%
Whiskey
27%
Give a Little More
26%
Ladykiller
26%
In Your Pocket
25%
Lips On You
25%
Runaway
25%
Stutter
25%
Closure
24%
Denim Jacket
24%
How
24%
Back At Your Door
23%
Better That We Break
23%
Can't Stop
23%
Doin' Dirt
23%
Fortune Teller
23%
I Can't Lie
23%
Just a Feeling
23%
Little of Your Time
23%
Plastic Rose
23%
Through With You
23%
Bet My Heart
22%
Lost Stars
22%
My Heart is Open
22%
New Love
22%
Sex and Candy
22%
Help Me Out
21%
Nothing Lasts Forever
21%
Coming Back for You
20%
Out of Goodbyes
20%
Best 4 You
19%
Get Back in My Life
19%
No Curtain Call
19%
Visions
19%
Wipe Your Eyes
19%
Shoot Love
18%
Who I Am
18%
Don't Know Nothing
17%
Infatuation
17%
Last Chance
16%
Wasted Years
15%
Woman
15%
Not Falling Apart
14%
Losing My Mind
12%
Until You're Over Me
10%
Figure It Out
6%
Kiss
2%

Score Distribution

Percentile by Number Answered

Percent of People with Each Score

Your Score History

You have not taken this quiz since the last reset